| 000 | 01445cam a22003015i 4500 | ||
|---|---|---|---|
| 001 | 18763062 | ||
| 003 | EG-ScBUE | ||
| 005 | 20230220035928.0 | ||
| 008 | 150827s2013 nyua f 001 0 eng d | ||
| 020 | _a9780240824260 | ||
| 040 |
_aYDXCP _beng _erda _cYDXCP _dBTCTA _dPX0 _dOCLCF _dXBM _dOCLCA _dOCLCQ _dOCLCO _dOCLCQ _dSZR _dOCLCQ _dCDX _dBDX _dTOH _dDLC _dEG-ScBUE |
||
| 082 | 0 | 4 |
_222 _a775 _bFRE |
| 100 | 1 |
_aFreeman, Michael, _d1945- _eauthor. _938165 |
|
| 245 | 1 | 4 |
_aThe photographer's eye : _ba graphic guide : instantly understand composition & design for better digital photos / _cMichael Freeman. |
| 264 | 1 |
_aNew York ; _aLondon : _bFocal Press / Taylor & Francis Group, _c2013. |
|
| 300 |
_a192 pages : _billustrations ; _c26 cm |
||
| 336 |
_2rdacontent _atext _btxt |
||
| 337 |
_2rdamedia _aunmediated _bn |
||
| 338 |
_2rdacarrier _avolume _bnc |
||
| 500 | _aIncludes index. | ||
| 505 | 0 | _aFraming -- Placing -- Dividing -- Graphics -- Viewpoint -- Optics -- Motion -- Color -- Justaposing -- Combining. | |
| 650 | 7 |
_aPhotography _xDigital techniques. _2BUEsh _937027 |
|
| 650 | 7 |
_aComposition (Photography) _2BUEsh |
|
| 653 |
_bCOMAME _cApril2017 |
||
| 655 | _vReading book | ||
| 775 | 0 | 8 |
_iReproduction of (manifestation): _aFreeman, Michael, 1945-, _tPhotographer's eye : a graphic guide : instantly understand composition and design for better photography. _dLewes : Ilex, 2013 _z9781908150912 _w(OCoLC)859168302 _w(OCoLC)855705874 |
| 942 |
_2ddc _cBB |
||
| 999 |
_c24672 _d24644 |
||